[Event "Bogota Bonita op"]
[Site "Bogota"]
[Date "2019.09.29"]
[Round "7"]
[White "Dlaikan, Kevin"]
[Black "Guerrero, Gabriel"]
[Result "1-0"]
[WhiteElo "1638"]
[BlackElo "1971"]
[PlyCount "75"]
[EventDate "2019.09.26"]
[EventType "swiss"]
[EventRounds "7"]
[EventCountry "COL"]
[SourceTitle "EXT 2020"]
[Source "ChessBase"]
[SourceDate "2019.10.17"]
[SourceVersion "1"]
[SourceVersionDate "2019.10.17"]
[SourceQuality "1"]

1. e4 c5 2. c3 Nc6 3. d4 cxd4 4. cxd4 d5 5. Be3 e6 6. exd5 exd5 7. Nf3 Nf6 8. Bb5 Bb4+ 9. Nc3 0-0 10. 0-0 a6 11. Ba4 b5 12. Bc2 Bg4 13. Ne2 Bd6 14. Rc1 Rc8 15. Ng3 Qd7 16. h3 Bxg3 17. hxg4 Bb8 18. Bf5 Qd6 19. Bxc8 Rxc8 20. Ne5 h6 21. Bf4 Qe6 22. Nxc6 Bxf4 23. Ne7+ Qxe7 24. Rxc8+ Kh7 25. Qd3+ Ne4 26. g3 Qd7 27. Rc3 Qxg4 28. Qf3 Qxf3 29. Rxf3 Bg5 30. Rxf7 Kg6 31. Rd7 Nd2 32. Rd1 Nc4 33. b3 Nb2 34. Rb1 Nd3 35. Rxd5 Bf6 36. a3 Kf7 37. Rd1 Ke6 38. Rh5 1-0

[Event "Bucaramanga op"]
[Site "Bucaramanga"]
[Date "2016.01.10"]
[Round "4"]
[White "Guerrero, Gabriel"]
[Black "Hernandez Fonseca, Maria Paula"]
[Result "0-1"]
[WhiteElo "1971"]
[BlackElo "1983"]
[PlyCount "60"]
[EventDate "2016.01.09"]
[EventType "swiss"]
[EventRounds "6"]
[EventCountry "COL"]
[SourceTitle "EXT 2017"]
[Source "ChessBase"]
[SourceDate "2016.10.25"]
[SourceVersion "1"]
[SourceVersionDate "2016.10.25"]
[SourceQuality "1"]

1. d4 e6 2. e4 d5 3. Nd2 Nc6 4. Ngf3 Nf6 5. e5 Ne4 6. Bd3 Nxd2 7. Bxd2 f6 8. exf6 Qxf6 9. Bg5 Qf7 10. Qd2 Bd6 11. 0-0-0 h6 12. Be3 e5 13. Bb5 e4 14. Ne5 Bxe5 15. dxe5 Be6 16. Bxc6+ bxc6 17. Qc3 Kd7 18. Rd4 Rhb8 19. Rhd1 Qg6 20. g3 Rb5 21. a4 Rb7 22. Rc4 Bg4 23. Rd2 Re8 24. Rc5 Re6 25. Bd4 Qh5 26. h4 Qe8 27. b3 Qb8 28. Be3 Rb4 29. Ra5 Rb7 30. Bf4 Rb6 0-1

[Event "Bucaramanga op"]
[Site "Bucaramanga"]
[Date "2016.01.10"]
[Round "3"]
[White "Vargas Arteaga, Alexis"]
[Black "Guerrero, Gabriel"]
[Result "0-1"]
[WhiteElo "2303"]
[BlackElo "1971"]
[PlyCount "57"]
[EventDate "2016.01.09"]
[EventType "swiss"]
[EventRounds "6"]
[EventCountry "COL"]
[SourceTitle "EXT 2017"]
[Source "ChessBase"]
[SourceDate "2016.10.25"]
[SourceVersion "1"]
[SourceVersionDate "2016.10.25"]
[SourceQuality "1"]

1. b3 e5 2. Bb2 d6 3. e3 Nf6 4. Nf3 Be7 5. d4 e4 6. Nfd2 d5 7. c4 c6 8. Ba3 Bg4 9. Qc1 0-0 10. Nc3 Nbd7 11. Qb2 Re8 12. f3 exf3 13. gxf3 Bh5 14. 0-0-0 Rc8 15. Re1 b5 16. Bxe7 Rxe7 17. c5 a5 18. Bd3 Nf8 19. a4 bxa4 20. Nxa4 Rb8 21. Rhg1 Reb7 22. Qc2 Bg6 23. Re2 Rb4 24. h4 Nh5 25. Rg4 Qe7 26. Qc3 Nf6 27. Rg1 N6d7 28. e4 Qxh4 29. e5 0-1

[Event "Bucaramanga Udi Cup"]
[Site "Bucaramanga"]
[Date "2014.10.17"]
[Round "5"]
[White "Becerra, Juan David"]
[Black "Guerrero, Gabriel"]
[Result "1-0"]
[WhiteElo "2155"]
[BlackElo "1969"]
[PlyCount "41"]
[EventDate "2014.10.15"]
[EventType "swiss"]
[EventRounds "9"]
[EventCountry "COL"]
[SourceTitle "EXT 2015"]
[Source "ChessBase"]
[SourceDate "2014.11.20"]
[SourceVersion "1"]
[SourceVersionDate "2014.11.20"]
[SourceQuality "1"]

1. e4 e6 2. d4 d5 3. Nd2 dxe4 4. Nxe4 Nf6 5. Bg5 Be7 6. Bxf6 Bxf6 7. Nf3 Be7 8. Bc4 Nd7 9. c3 Nf6 10. Nxf6+ Bxf6 11. h4 0-0 12. Bd3 Re8 13. Qc2 g6 14. 0-0-0 Bg7 15. h5 Qf6 16. Kb1 Rb8 17. Ne5 c5 18. Rh3 cxd4 19. cxd4 b6 20. Rf3 Qh4 21. g3 1-0

[Event "Bucaramanga Feria op 2nd"]
[Site "Bucaramanga"]
[Date "2013.09.22"]
[Round "6"]
[White "Marquez Rueda, Benjamin"]
[Black "Guerrero, Gabriel"]
[Result "1-0"]
[WhiteElo "2018"]
[BlackElo "1996"]
[PlyCount "61"]
[EventDate "2013.09.20"]
[EventType "swiss"]
[EventRounds "7"]
[EventCountry "COL"]
[SourceTitle "CBM 156 Extra"]
[Source "ChessBase"]
[SourceDate "2013.10.22"]
[SourceVersion "1"]
[SourceVersionDate "2013.10.22"]
[SourceQuality "1"]

1. d4 Nf6 2. Nf3 d5 3. Bf4 g6 4. h3 Bg7 5. e3 0-0 6. Nbd2 c5 7. c3 cxd4 8. cxd4 Nc6 9. Be2 Bf5 10. a3 Rc8 11. 0-0 Qb6 12. b4 a5 13. b5 Nd8 14. Ra2 Ne6 15. Bh2 Rc3 16. Ne5 Rfc8 17. Qa1 Rc2 18. Rxc2 Rxc2 19. Rd1 a4 20. g4 Ne4 21. gxf5 Nxd4 22. exd4 Nxd2 23. fxg6 hxg6 24. Re1 Nb3 25. Qb1 Nxd4 26. Kf1 Qe6 27. Bg4 f5 28. Nc6 Qf6 29. Nxd4 Rxf2+ 30. Kxf2 fxg4+ 31. Nf5 1-0

[Event "Bucaramanga Feria op 2nd"]
[Site "Bucaramanga"]
[Date "2013.09.21"]
[Round "5"]
[White "Guerrero, Gabriel"]
[Black "Sanchez, Sebastian Felipe"]
[Result "0-1"]
[WhiteElo "1996"]
[BlackElo "2329"]
[PlyCount "56"]
[EventDate "2013.09.20"]
[EventType "swiss"]
[EventRounds "7"]
[EventCountry "COL"]
[SourceTitle "CBM 156 Extra"]
[Source "ChessBase"]
[SourceDate "2013.10.22"]
[SourceVersion "1"]
[SourceVersionDate "2013.10.22"]
[SourceQuality "1"]

1. d4 Nf6 2. g3 e6 3. Bg2 d5 4. Nf3 Be7 5. 0-0 0-0 6. b3 c5 7. e3 Nc6 8. Bb2 b6 9. c3 cxd4 10. exd4 Ba6 11. Re1 Rc8 12. Nbd2 Bd3 13. b4 a5 14. a3 Qc7 15. Re3 Bf5 16. Nh4 Bg4 17. Qa4 axb4 18. cxb4 Ra8 19. Qc2 Rfc8 20. Rc1 Qb7 21. Rc3 Na7 22. Rc7 Qxc7 23. Qxc7 Rxc7 24. Rxc7 Bd8 25. Rb7 Be2 26. Bf1 Bxf1 27. Kxf1 Nb5 28. Nhf3 Nd6 0-1